Villes, voyages, voyageurs (notice n° 1959916)
[ vue normale ]
| 000 -LEADER | |
|---|---|
| fixed length control field | 00993cam a2200145 4500500 |
| 005 - DATE AND TIME OF LATEST TRANSACTION | |
| control field | 20260329033339.0 |
| 041 ## - LANGUAGE CODE | |
| Language code of text/sound track or separate title | fre |
| 042 ## - AUTHENTICATION CODE | |
| Authentication code | dc |
| 100 10 - MAIN ENTRY--PERSONAL NAME | |
| Personal name | Payen, Catherine |
| Relator term | author |
| 245 00 - TITLE STATEMENT | |
| Title | Villes, voyages, voyageurs |
| 260 ## - PUBLICATION, DISTRIBUTION, ETC. | |
| Name of publisher, distributor, etc. | L'Harmattan,<br/> |
| Date of publication, distribution, etc. | 2005.<br/> |
| 520 ## - SUMMARY, ETC. | |
| Summary, etc. | Cet ouvrage est le reflet des débats qui ont animé la rencontre «Villes, voyages, voyageurs &#8239;; regards sur l’Autre et l’ailleurs«, organisée dans le cadre de la première Biennale de la ville et du voyage qui s’est déroulée à Villeurbanne. Cette rencontre se proposait de»croiser les regards«sur un horizon urbain fortement marqué par la croissance des échanges touristiques et par l’impact de la mondialisation. Ce volume constitue ainsi une invitation collective à la poursuite du débat sur le devenir de la civilisation urbaine. |
| 700 10 - ADDED ENTRY--PERSONAL NAME | |
| Personal name | Gras, Pierre |
| Relator term | author |
| 856 41 - ELECTRONIC LOCATION AND ACCESS | |
| Uniform Resource Identifier | <a href="https://shs.cairn.info/villes-voyages-voyageurs--9782747580199?lang=fr&redirect-ssocas=7080">https://shs.cairn.info/villes-voyages-voyageurs--9782747580199?lang=fr&redirect-ssocas=7080</a> |
Pas d'exemplaire disponible.




Réseaux sociaux